000
00487nam a2200181Ia 4500
008
100917s9999 xx 000 0 und d
082
_b
37705
100
_a
सावंत शिवाजी
245
_a
छावा
260
_b
कॉन्टीनेन्टल प्रकाशन
_c
1979
300
_a
909
365
_b
48
520
_a
कादंबरी
630
_a
छावा
650
_a
कादंबरी
730
_a
छावा
942
_c
BOOK
999
_c
643099
_d
643096